[Event "Ch Europe (team)"]
[Site "Pula (Croatia)"]
[Round "4"]
[White "Arduman Can (TUR)"]
[Black "Damaso Rui (POR)"]
[Result "1/2-1/2"]
[WhiteElo "2395"]
[BlackElo "2485"]

1.d4 Nf6 2.Nf3 d6 3.c4 Bg4 4.g3 c6 5.Bg2 Nbd7 6.Nc3 e5 7.h3 Bh5 8.d5 c5 9.Nh4
Be7 10.Nf5 O-O 11.O-O Ne8 12.Qb3 Rb8 13.e4 a6 14.a4 Bg5 15.f4 exf4 16.gxf4 Bf6
17.e5 Bg6 18.exf6 Bxf5 19.fxg7 Nxg7 20.Ne2 Qh4 21.Bd2 Rbe8 22.Qg3 Qh5 23.Nc3
Qg6 24.Rf3 f6 25.a5 Kf7 26.Re1 {#d} 1/2-1/2

[Event "Ch Slovakia (team) 1997/98 (1 liga) East"]
[Site "Slovakia"]
[Round "10"]
[White "Marinic Michal (SVK)"]
[Black "Palider Pavol (SVK)"]
[Result "0-1"]
[WhiteElo "2076"]
[BlackElo "2162"]

1.d4 Nf6 2.Nf3 d6 3.c4 Bg4 4.Nc3 Bxf3 5.exf3 Nc6 6.d5 Ne5 7.f4 Ned7 8.Qe2 g6
9.g3 Bg7 10.Bh3 O-O 11.O-O c6 12.Be3 cxd5 13.cxd5 Re8 14.Rfd1 a6 15.a4 Qa5
16.Bd4 h5 17.b4 Qxb4 18.Rab1 Qa5 19.Rxb7 Nc5 20.Bxc5 Qxc5 21.Ne4 Qa5 22.Nxf6+
Bxf6 23.f5 g5 24.Qxh5 Qxa4 25.f4 Qe4 26.Bg2 Qxf5 27.fxg5 Qxg5 28.Qxg5+ Bxg5
29.Ra1 a5 30.Bf1 Rec8 31.Ra4 Kf8 32.Bb5 Bd2 33.h4 Bb4 34.Bc6 {#R} 0-1

[Event "It (cat.9)"]
[Site "Sochi (Russia)"]
[Round "0"]
[White "Lunev Andrey (RUS)"]
[Black "Vorotnikov Vladislav V (RUS)"]
[Result "1/2-1/2"]
[WhiteElo "2400"]
[BlackElo "2490"]

1.d4 d6 2.Nf3 Nf6 3.c4 Bg4 4.Nc3 c6 5.e4 e5 6.Be2 Nbd7 7.O-O Be7 8.Be3 Bh5
9.Nd2 Bg6 10.a3 O-O 11.b4 Ne8 12.dxe5 dxe5 13.Nb3 Nef6 14.Qc2 Qc7 15.Rfd1 Rfd8
16.c5 Nf8 17.f3 Nd5 18.Bf2 Bg5 19.Rd3 Nf4 20.Rxd8 Rxd8 21.Rd1 Nxe2+ 22.Nxe2
Ne6 23.Na5 {#d} 1/2-1/2

[Event "It (open)"]
[Site "Svetla nad Sazavou (Czech Republic)"]
[Round "5"]
[White "Skorpik Martin (CZE)"]
[Black "Michalek Frantisek (CZE)"]
[Result "1/2-1/2"]
[WhiteElo "2150"]
[BlackElo "2083"]

1.Nf3 Nf6 2.c4 d6 3.d4 Bg4 4.Nc3 Bxf3 5.gxf3 c6 6.e4 e5 7.f4 Nbd7 8.Be3 Qa5
9.Qd2 Ng4 10.O-O-O Nxe3 11.fxe3 Be7 12.dxe5 Nc5 13.exd6 O-O-O 14.e5 g6 15.Kb1
Bh4 16.Qg2 Kb8 17.Qg4 Bf2 18.Qf3 Bh4 19.Qg4 Bf2 20.Qf3 Bh4 21.Rg1 Rdf8 22.Bh3
Bd8 23.Ne4 Qb4 24.Nxc5 Qxc5 25.Qe4 a5 26.Qd4 Bb6 27.Qxc5 Bxc5 28.Rd3 Rd8
29.Rgd1 Rhe8 30.Kc2 Ka7 31.a3 a4 32.R1d2 Ka6 33.Kd1 h5 34.Ke2 g5 35.Bf5 g4
36.Kf2 Rg8 37.Kg3 Rg7 38.Rd1 h4+ 39.Kxh4 g3 40.Kh3 g2 41.Bg4 Rdg8 42.Kxg2
Rxg4+ 43.Kf3 Rh4 44.R1d2 {#d} 1/2-1/2

[Event "Ch Switzerland (team) 1996/97"]
[Site "Switzerland"]
[Round "0"]
[White "Gerber Richard (SUI)"]
[Black "Summermatter Daniel (SUI)"]
[Result "1/2-1/2"]
[WhiteElo "2335"]
[BlackElo "2320"]

1.d4 Nf6 2.c4 d6 3.Nf3 Bg4 4.e3 e6 5.Be2 c6 6.O-O Nbd7 7.b3 d5 8.Ba3 Bxa3
9.Nxa3 Ne4 10.Qc2 Qe7 11.Qb2 f5 12.Nc2 Bxf3 13.Bxf3 Nd2 14.Bh5+ g6 15.Rfd1
gxh5 16.Rxd2 Rg8 17.Ne1 h4 18.h3 Nf6 19.Nd3 O-O-O 20.Rc1 Qg7 21.f3 Qh6 22.Nf4
Nh5 23.Nxh5 Qxh5 24.Kh1 Rg3 25.Rf2 Rdg8 26.Qe2 Qg6 27.Re1 Kb8 28.e4 dxe4
29.fxe4 f4 30.Qf1 Qg7 31.e5 f3 32.Rxf3 Rxg2 33.Rf8+ Rxf8 34.Qxg2 Qh6 35.d5
cxd5 36.cxd5 exd5 37.Qxd5 Qf4 38.e6 Qf2 39.Rd1 Qf3+ 40.Qxf3 Rxf3 41.Rd6 Rf8
42.Kg1 h6 {#d} 1/2-1/2

[Event "It (open) \"]
[Site "Tatranska Lomnica (Slovakia)"]
[Round "2"]
[White "Kaniansky Miroslav (SVK)"]
[Black "Hrcka Pavol (SVK)"]
[Result "1-0"]
[WhiteElo "2199"]
[BlackElo "1761"]

1.d4 Nf6 2.Nf3 d6 3.c4 Bg4 4.e3 Nbd7 5.Be2 e6 6.Nc3 Be7 7.O-O O-O 8.e4 Bxf3
9.Bxf3 e5 10.d5 a6 11.Be3 Rb8 12.b4 b5 13.cxb5 axb5 14.Qe2 Rb7 15.Nxb5 Qb8
16.a4 Rc8 17.Rfc1 Nb6 18.Nc3 c6 19.dxc6 Rxc6 20.b5 Rc8 21.Bxb6 Rxb6 22.a5 Rb7
23.b6 Nd7 24.Bg4 Bg5 25.Rc2 Rd8 26.Bxd7 Rdxd7 27.Nd5 Bd8 28.Rac1 Qa8 29.a6 Rb8
30.a7 {#r} 1-0

[Event "It (open)"]
[Site "Zillertal (Austria)"]
[Round "4"]
[White "Kondrak Christof (AUT)"]
[Black "Piven Igor (UKR)"]
[Result "0-1"]
[WhiteElo "2176"]
[BlackElo "2355"]

1.d4 Nf6 2.c4 d6 3.Nf3 Bg4 4.Nbd2 Nbd7 5.h3 Bh5 6.e3 e5 7.dxe5 dxe5 8.Be2 Bd6
9.b3 O-O 10.Bb2 Qe7 11.Nh4 Bxe2 12.Qxe2 g6 13.e4 Ba3 14.Bxa3 Qxa3 15.O-O Nc5
16.Qf3 Nfd7 17.Qc3 a5 18.f4 exf4 19.Rxf4 Ne6 20.Rg4 Qc5+ 21.Kh1 Qe5 22.Qc1 h5
23.Ndf3 Qf6 24.Rg3 Qf4 25.Qe1 Ndc5 26.Nxg6 fxg6 27.Rxg6+ Kh7 28.Nh4 Rg8 29.g3
Qe5 30.Nf3 Qb2 31.Rb1 Qc2 32.Rc1 Qxa2 33.Rf6 Raf8 34.e5 Qb2 35.Rxe6 Nxe6
36.Qe4+ Kh6 37.Qe3+ Kg7 38.Rd1 Rf7 39.Nh4 Qf2 40.Qe4 Kf8 41.Rg1 Rxg3 42.Ng6+
{#R} 0-1

[Event "It (open) \"]
[Site "Eupen (Belgium)"]
[Round "6"]
[White "Bagirov Vladimir (LAT)"]
[Black "Piven Igor (UKR)"]
[Result "1/2-1/2"]
[WhiteElo "2495"]
[BlackElo "2355"]

1.Nf3 d6 2.d4 Nf6 3.c4 Bg4 4.Nc3 Nbd7 5.g3 Bxf3 6.exf3 c6 7.d5 g6 8.Be2 Bg7
9.O-O O-O 10.Be3 Qa5 11.a3 cxd5 12.cxd5 Rfc8 13.b4 Qd8 14.Rc1 Nb6 15.Qb3 Nfd7
16.Rfd1 Rc7 17.Na4 Rac8 18.Rxc7 Rxc7 19.Rc1 Rxc1+ 20.Bxc1 Bd4 21.Be3 Bxe3
22.fxe3 {#d} 1/2-1/2

[Event "Staatsliga B 1997/98"]
[Site "Austria"]
[Round "8"]
[White "Kargl Kurt (AUT)"]
[Black "Humer Wolfgang (AUT)"]
[Result "1/2-1/2"]
[WhiteElo "2245"]
[BlackElo "2280"]

1.d4 Nf6 2.Nf3 d6 3.c4 Bg4 4.e3 Nbd7 5.Be2 e5 6.Nc3 c6 7.O-O Be7 8.b3 O-O
9.Bb2 Re8 10.h3 Bh5 {#d} 1/2-1/2

[Event "It \"]
[Site "Belgrade (Yugoslavia)"]
[Round "3"]
[White "Zhukova Natalia (UKR)"]
[Black "Simic Radoslav (SRB)"]
[Result "1/2-1/2"]
[WhiteElo "2460"]
[BlackElo "2420"]

1.d4 d6 2.Nf3 Bg4 3.c4 Nf6 4.Qb3 Qc8 5.g3 c6 6.Bg2 Nbd7 7.Nc3 e5 8.Be3 Be7
9.O-O O-O 10.Rac1 h6 11.Rfd1 Re8 12.h3 Bf5 13.g4 Bg6 14.Rd2 Bf8 15.Qd1 exd4
16.Bxd4 Ne5 17.Nxe5 dxe5 18.Be3 Bb4 19.Qb3 Bxc3 20.Qxc3 Ne4 21.Bxe4 Bxe4 22.f3
Bg6 23.Rcd1 b6 24.c5 Qa6 25.a3 bxc5 26.Bxc5 e4 27.f4 e3 28.Bxe3 f6 29.Kf2 Qb5
30.Rd7 Bf7 31.R1d6 a5 32.Qxc6 Qxb2 33.Rxf7 Kxf7 34.Qd5+ Kg6 35.Qf5+ Kf7 {#d}
1/2-1/2

[Event "Zt"]
[Site "Donetsk (Ukraine)"]
[Round "1"]
[White "Moskalenko Viktor (UKR)"]
[Black "Romanishin Oleg M (UKR)"]
[Result "1/2-1/2"]
[WhiteElo "2500"]
[BlackElo "2600"]

1.d4 Nf6 2.c4 d6 3.Nf3 Bg4 4.Nc3 Bxf3 5.exf3 g6 6.g4 Bg7 7.f4 c6 8.h4 h5 9.g5
Nfd7 10.d5 Nc5 11.Bg2 cxd5 12.cxd5 Nba6 13.O-O Qd7 14.Kh2 Qg4 15.Ne2 Qf5 {#d}
1/2-1/2

[Event "It (open) (a)"]
[Site "Eforie Nord (Romania)"]
[Round "0"]
[White "Ghitescu Theodor (ROM)"]
[Black "Titu Maiorescu Dorin (ROM)"]
[Result "1-0"]
[WhiteElo "2360"]
[BlackElo "2280"]

1.d4 Nf6 2.c4 d6 3.Nf3 Bg4 4.Nc3 c6 5.g3 Bxf3 6.exf3 d5 7.Qb3 Qd7 8.Bf4 e6
9.c5 Qc8 10.Rc1 Nbd7 11.Bh3 Be7 12.O-O O-O 13.Rfe1 Re8 14.Qc2 Nh5 15.Be3 g6
16.f4 Qc7 17.Nb1 Rac8 18.Nd2 b5 19.b4 f5 20.a4 a6 21.Ra1 Ng7 22.Ra3 Ra8
23.Rea1 Qb7 24.Qa2 Rab8 25.axb5 axb5 26.Ra7 Qc8 27.Qa6 Nf6 28.Nf3 Ne4 29.Ne5
Bf6 30.Nd7 Qxa6 31.R1xa6 Rbc8 32.f3 Bd8 33.fxe4 dxe4 34.Ne5 Nh5 35.Rxc6 {#r}
1-0

[Event "Olympiad"]
[Site "Elista (Russia)"]
[Round "13"]
[White "Hergott Deen (CAN)"]
[Black "Belli Mario (PER)"]
[Result "1/2-1/2"]
[WhiteElo "2370"]
[BlackElo "2380"]

1.Nf3 Nf6 2.c4 d6 3.d4 Bg4 4.Nc3 Nbd7 5.e4 e5 6.Be2 Be7 7.Be3 O-O 8.O-O c6
9.d5 c5 10.Ne1 Bxe2 11.Qxe2 Ne8 12.g3 Bg5 13.Ng2 {#d} 1/2-1/2

[Event "Olympiad"]
[Site "Elista (Russia)"]
[Round "2"]
[White "Sorokin Maxim (RUS)"]
[Black "Hernandez Gilberto (MEX)"]
[Result "1/2-1/2"]
[WhiteElo "2570"]
[BlackElo "2520"]

1.Nf3 Nf6 2.c4 d6 3.d4 Bg4 4.Nc3 Bxf3 5.gxf3 g6 6.Bg5 Nbd7 7.e3 Bg7 8.f4 c6
9.Bg2 e6 10.O-O d5 11.c5 h6 12.Bh4 Qc7 13.b4 a6 14.a4 g5 15.Bg3 gxf4 16.Bxf4
e5 17.dxe5 Nxe5 18.Kh1 Qe7 19.Ne2 Ng6 20.Bd6 Qd7 21.Nf4 Nxf4 22.Bxf4 O-O
23.Rg1 Kh8 24.Bf3 Rg8 25.Qc2 Qe6 26.Rad1 Rae8 27.Rg2 Bf8 28.Rxg8+ Kxg8 29.Rg1+
{#d} 1/2-1/2

[Event "Ch Finland (team) 1997/98"]
[Site "Finland"]
[Round "0"]
[White "Veingold Aleksandr (EST)"]
[Black "Maki-Uuro Miikka (FIN)"]
[Result "1-0"]
[WhiteElo "2485"]
[BlackElo "2320"]

1.d4 Nf6 2.Nf3 d6 3.c4 Bg4 4.Nc3 Nbd7 5.d5 c6 6.Nd4 c5 7.Nc2 e6 8.f3 Bh5 9.e4
Be7 10.Be2 a6 11.O-O h6 12.a4 g5 13.f4 Bxe2 14.Qxe2 gxf4 15.Bxf4 Qc7 16.dxe6
fxe6 17.Qd3 O-O-O 18.Qh3 Nf8 19.Rae1 N6d7 20.e5 Nxe5 21.Nd5 {#r} 1-0

[Event "Bundesliga (2nd) South 1998/99"]
[Site "Germany"]
[Round "0"]
[White "Lentrodt Thomas (GER)"]
[Black "Hertneck Gerald (GER)"]
[Result "0-1"]
[WhiteElo "2307"]
[BlackElo "2555"]

1.d4 Nf6 2.Nf3 d6 3.c4 Bg4 4.Qb3 Qc8 5.Nbd2 Nbd7 6.g3 e5 7.Bg2 Be7 8.h3 Bh5
9.Nh4 c6 10.Nf5 Bf8 11.Qe3 Qc7 12.O-O O-O-O 13.dxe5 dxe5 14.Nb3 Nb6 15.g4 Bg6
16.c5 Nbd5 17.Qg3 h5 18.Bd2 hxg4 19.hxg4 Nf4 20.Bxf4 exf4 21.Qf3 Qe5 22.Rfd1
Rxd1+ 23.Rxd1 Bxf5 24.gxf5 Bxc5 25.Nxc5 Qxc5 26.Qxf4 Re8 27.Rc1 Qe5 28.Qb4 Nd5
29.Qb3 Rd8 30.e3 Qxf5 31.e4 Qg5 32.Rc5 Qe7 33.Qa3 Nc7 34.Qh3+ Ne6 35.Rc1 Qg5
36.Rf1 Qf4 37.b4 Kc7 38.b5 cxb5 39.Qc3+ Kb8 40.e5 Rd2 41.Bh3 b4 {#R} 0-1

[Event "Oberliga East 1997/98"]
[Site "Germany"]
[Round "1"]
[White "Koopmann Rolf Dr (GER)"]
[Black "Schirrmeister Ralf (GER)"]
[Result "1-0"]
[WhiteElo "2234"]
[BlackElo "2225"]

1.c4 Nf6 2.Nf3 d6 3.d4 Bg4 4.Qb3 Bxf3 5.Qxf3 c6 6.Nc3 Nbd7 7.e4 e5 8.d5 Be7
9.Be2 O-O 10.O-O cxd5 11.cxd5 Ne8 12.Qg3 g6 13.Bh6 Ng7 14.Rac1 Bf6 15.Nb5 Be7
16.b4 a6 17.Nc3 f5 18.Bxg7 Kxg7 19.exf5 Rxf5 20.Ne4 Rf4 21.Qd3 Qb6 22.g3 Rf7
23.Kg2 Rff8 24.Rc2 h6 25.Qe3 Qxe3 26.fxe3 Rxf1 27.Bxf1 Nb6 28.Rc7 Nxd5 29.Rxb7
Kf8 30.Kf3 a5 31.b5 Ke8 32.a3 Nf6 33.Nxf6+ Bxf6 34.Ke4 Be7 35.Kd5 Kf7 36.Bh3
g5 37.b6 h5 38.Be6+ Kf6 39.Ra7 Rb8 40.b7 Bd8 41.Bc8 Ke7 42.Kc6 {#r} 1-0

[Event "It (open)"]
[Site "Goch (Germany)"]
[Round "3"]
[White "Bielmeier Ludwig (GER)"]
[Black "Schoenhof Timo (GER)"]
[Result "1-0"]
[WhiteElo "2140"]
[BlackElo "2060"]

1.d4 d6 2.Nf3 Bg4 3.c4 Nf6 4.Qb3 Qc8 5.Nc3 e6 6.e4 Be7 7.Bg5 h6 8.Bh4 g5 9.Bg3
Nh5 10.Be2 Nxg3 11.hxg3 c6 12.O-O-O Nd7 13.Kb1 Qc7 14.Rhe1 Bxf3 15.Bxf3 O-O-O
16.Bh5 Rhf8 17.Qc2 Nf6 18.Be2 Kb8 19.Rh1 Rh8 20.g4 Bf8 21.Rh3 Bg7 22.Rhd3 d5
23.cxd5 cxd5 24.e5 Nd7 25.Rf3 f6 26.exf6 Nxf6 27.Re3 Rhe8 28.Qa4 a6 29.Qb3 Rd6
30.Na4 e5 31.dxe5 Rc6 32.exf6 Rc8 33.Rc3 Bxf6 34.Rxc6 Qxc6 35.Nc3 d4 36.Bf3
Qc7 37.Ne4 Bg7 38.Nc5 {#r} 1-0

[Event "It \"]
[Site "Italy"]
[Round "3"]
[White "Naumkin Igor (RUS)"]
[Black "Teodorescu Florin-Cornel (ROM)"]
[Result "1-0"]
[WhiteElo "2475"]
[BlackElo "2225"]

1.d4 d6 2.Nf3 Bg4 3.c4 Nf6 4.Qb3 Qc8 5.h3 Bf5 6.Nc3 g6 7.g3 Bg7 8.Bg2 O-O
9.Nh4 Nc6 10.Nxf5 Qxf5 11.e3 Rad8 12.Bd2 e5 13.d5 Nd4 14.exd4 exd4 15.Ne2 Rfe8
16.Kf1 Ne4 17.Be1 Nxf2 18.Bxf2 Rxe2 19.Kxe2 Re8+ 20.Kf1 Re3 21.Qd1 Rxg3 22.Kg1
Rg5 23.h4 Rg4 24.Rh3 Be5 25.Qd3 Qd7 26.b3 f5 27.Kh1 f4 28.Rg1 c5 29.dxc6 bxc6
30.Bf1 h5 31.Be2 Kf7 32.Qf3 Rxg1+ 33.Kxg1 c5 34.Rh2 {#r} 1-0

[Event "It (open)"]
[Site "Nikea (Greece)"]
[Round "9"]
[White "Nikolaidis Ioannis (GRE)"]
[Black "Managadze Nikoloz (GEO)"]
[Result "1/2-1/2"]
[WhiteElo "2530"]
[BlackElo "2435"]

1.d4 Nf6 2.c4 d6 3.Nf3 Bg4 4.Nc3 Nbd7 5.e4 e5 6.Be2 Be7 7.Be3 c6 8.O-O O-O
9.d5 c5 10.Nd2 Bxe2 11.Qxe2 Ne8 12.g3 g6 13.Bh6 Ng7 14.f4 exf4 15.gxf4 Re8
16.Nf3 Bf6 17.Qd3 a6 18.a4 Nh5 19.Rae1 Bg7 20.Bxg7 Kxg7 21.Qe3 Qf6 22.Nd2 h6
23.Kh1 Re7 24.e5 dxe5 25.fxe5 Qh4 26.e6 fxe6 27.d6 Ree8 28.Nce4 Rf8 29.a5 Rf4
30.Rxf4 Qxf4 31.Qc3+ e5 32.Rf1 Qh4 33.Nxc5 Nxc5 34.Qxe5+ Kg8 35.Qd5+ Kh8
36.Qe5+ Kh7 37.Rf7+ Kg8 38.Qd5 Qe1+ 39.Rf1+ Qe6 40.Qxc5 Ng3+ {#d} 1/2-1/2

[Event "Ch Hungary (open)"]
[Site "Pecs (Hungary)"]
[Round "4"]
[White "Farago Ivan (HUN)"]
[Black "Ruck Robert (HUN)"]
[Result "1/2-1/2"]
[WhiteElo "2530"]
[BlackElo "2485"]

1.d4 d6 2.Nf3 Nf6 3.c4 Bg4 4.Nc3 Nbd7 5.e3 e5 6.Be2 c6 7.O-O Be7 8.Qc2 O-O
9.b3 Re8 10.Bb2 Bf8 11.dxe5 {#d} 1/2-1/2

[Event "Cup Pribram"]
[Site "Pribram (Czech Republic)"]
[Round "0"]
[White "Smejkal Jan (CZE)"]
[Black "Modrova Hana (CZE)"]
[Result "1-0"]
[WhiteElo "2525"]
[BlackElo "1933"]

1.d4 d6 2.Nf3 Nf6 3.c4 Bg4 4.Nc3 e6 5.e4 Be7 6.Be2 O-O 7.O-O d5 8.exd5 exd5
9.Qb3 Nbd7 10.h3 Bh5 11.Qxb7 dxc4 12.Ne5 Nxe5 13.dxe5 Bxe2 14.Nxe2 Ne8 15.Qc6
Rb8 16.Qxc4 Rb4 17.Qc2 Qd5 18.Bd2 Rc4 19.Qb3 c6 20.Nc3 Qe6 21.Be3 a5 22.Rac1
Nc7 23.Rfe1 Rb4 24.Qxe6 Nxe6 25.b3 c5 26.Na4 Re4 27.Bd2 Rxe1+ 28.Bxe1 Nd4
29.Kf1 Rc8 30.Bxa5 g6 31.Bd2 h5 32.Be3 Ne6 33.Rc4 f5 34.exf6 Bxf6 35.Nxc5 {#r}
1-0

[Event "Ch Slovenia (team)"]
[Site "Radovljica (Slovenia)"]
[Round "2"]
[White "Trebusak Anton (SLO)"]
[Black "Trivuncevic Bosko (SLO)"]
[Result "1/2-1/2"]
[WhiteElo "1966"]
[BlackElo "1990"]

1.Nf3 Nf6 2.c4 d6 3.d4 Bg4 4.e3 Nc6 5.Be2 e5 6.d5 Ne7 7.Nc3 Ng6 8.e4 Be7 9.h3
Bd7 10.Be3 O-O 11.O-O c5 12.Nd2 Nf4 13.Bxf4 exf4 14.Nf3 h6 15.e5 Nh7 16.exd6
Bxd6 17.Ne4 Bf5 18.Bd3 Bxe4 19.Bxe4 Nf6 20.Bd3 Re8 21.Re1 Qa5 22.Qd2 Qxd2
23.Nxd2 Be5 24.Rab1 Rad8 25.Nf3 Bd6 26.Rxe8+ Nxe8 27.Re1 g6 28.Nd2 b6 29.Ne4
Be5 30.Re2 Bd4 31.b3 Kg7 32.Nd2 Kf8 33.Nf3 Bf6 34.h4 Nd6 35.Kh2 Rd7 36.Kh3 Kg7
37.Kg4 a6 38.a4 b5 39.axb5 axb5 40.Kxf4 bxc4 41.bxc4 Rb7 {#d} 1/2-1/2

[Event "Ch Russia (seniors)"]
[Site "Sochi (Russia)"]
[Round "1"]
[White "Chernikov Oleg L (RUS)"]
[Black "Gumirov Konstantin L (RUS)"]
[Result "0-1"]
[WhiteElo "2405"]
[BlackElo "2057"]

1.Nf3 Nf6 2.c4 d6 3.d4 Bg4 4.Qb3 Qc8 5.h3 Bf5 6.Nc3 h6 7.g3 g5 8.Bg2 c6 9.Nd2
e5 10.d5 c5 11.e4 Bd7 12.Nf1 Na6 13.Ne3 Rb8 14.Nb5 Ra8 15.Bd2 Nc7 16.a4 a6
17.Nc3 b6 18.h4 g4 19.Bf1 Rb8 20.Bd3 {#R} 0-1

[Event "It (open)"]
[Site "St. Veit (Austria)"]
[Round "8"]
[White "Juergens Klaus (GER)"]
[Black "Kuess Mario (AUT)"]
[Result "1-0"]
[WhiteElo "2155"]
[BlackElo "2106"]

1.Nf3 d6 2.d4 Bg4 3.c4 Nf6 4.Nc3 c6 5.e4 Nbd7 6.Be2 e5 7.O-O Be7 8.Be3 O-O
9.Qc2 Qc7 10.Rfd1 Rad8 11.Rd2 Rfe8 12.Rad1 Nf8 13.d5 c5 14.b4 N8d7 15.Nb5 Qb6
16.a4 a5 17.bxc5 Nxc5 18.Ne1 Bxe2 19.Rxe2 Rc8 20.f3 Nfd7 21.Nd3 Qa6 22.Nxc5
Nxc5 23.f4 f6 24.fxe5 fxe5 25.Rf1 Qb6 26.Ref2 Qd8 27.Rf7 b6 28.Na7 Rc7 29.Nc6
Qa8 30.Bxc5 bxc5 31.Qf2 Rb7 32.Qf5 Bf6 33.Rxb7 Qxb7 34.Nxa5 Qb4 35.Qd7 Rf8
36.Qe6+ Kh8 37.Qxd6 Rd8 38.Qxd8+ {#r} 1-0

[Event "Ch FEFB"]
[Site "Tihan (Belgium)"]
[Round "1"]
[White "Mohandesi Shahin (IRI)"]
[Black "Monaville Guy (BEL)"]
[Result "1-0"]
[WhiteElo "2305"]
[BlackElo "2139"]

1.d4 Nf6 2.Nf3 d6 3.c4 Bg4 4.Qb3 Qc8 5.h3 Bh5 6.g4 Bg6 7.Nc3 e6 8.Bg2 c6 9.h4
h5 10.gxh5 Bxh5 11.Bg5 Nbd7 12.O-O-O Qc7 13.Kb1 Bg6+ 14.Ka1 Qb6 15.Qa4 a5
16.Rc1 Qb4 17.Nd2 Nb6 18.Qd1 a4 19.a3 Qa5 20.e4 Be7 21.f4 d5 22.cxd5 cxd5
23.f5 Bh5 24.Qe1 dxe4 25.fxe6 fxe6 26.Ndxe4 Nbd7 27.Bd2 Qb6 28.Ng5 Bg4 29.Bh3
Nf8 30.d5 Rd8 31.Bxg4 Nxg4 32.dxe6 Ne5 33.Qxe5 Rxd2 34.Nxa4 Bd6 35.Rc8+ {#r}
1-0

[Event "Tournament (play-off)"]
[Site "Asuncion (Paraguay)"]
[Round "1"]
[White "Kropff Ricardo (PAR)"]
[Black "Valiente Cristobal (PAR)"]
[Result "0-1"]
[WhiteElo "2303"]
[BlackElo "2390"]

1.d4 Nf6 2.Nf3 d6 3.c4 Bg4 4.Nc3 Nbd7 5.e4 e5 6.Be2 Bxf3 7.Bxf3 exd4 8.Qxd4 g6
9.Be3 Bg7 10.Qd2 O-O 11.O-O Re8 12.Rad1 Ne5 13.Be2 Qd7 14.f3 h5 15.b3 a6
16.Nd5 Rab8 17.Rc1 Nh7 18.Rfd1 Rbd8 19.Bd4 c6 20.Nb6 Qe6 21.Qb2 Bh6 22.Rc2 Nf6
23.Qc3 c5 24.Be3 Bxe3+ 25.Qxe3 Nc6 26.Rcd2 Nd4 27.Rxd4 cxd4 28.Qxd4 Qe5 29.Qf2
Qc5 30.a4 Kf8 31.Kf1 Ke7 32.Qg3 Qxb6 {#R} 0-1

[Event "It (open)"]
[Site "Bad Woerishofen (Germany)"]
[Round "8"]
[White "Burkhardt Wilfried (SUI)"]
[Black "Romczik Detlef (GER)"]
[Result "1/2-1/2"]
[WhiteElo "1914"]
[BlackElo "2137"]

1.d4 d6 2.Nf3 Nf6 3.c4 Bg4 4.Nc3 c6 5.g3 d5 6.Bg2 e6 7.O-O Nbd7 8.Bg5 Be7
9.cxd5 exd5 10.Qc2 O-O 11.Rfe1 Bh5 12.Rac1 Re8 13.Qb3 Qb6 14.Qxb6 axb6 15.a3
b5 16.Nd2 b4 17.axb4 Bxb4 18.f3 h6 19.Bxf6 Nxf6 20.e4 dxe4 21.fxe4 Rad8 22.Nb3
Bg6 23.d5 cxd5 24.exd5 Rxe1+ 25.Rxe1 Bc2 26.Nd4 Bc5 27.Ne2 Nxd5 28.Kh1 Bg6
29.Nb3 Bb4 30.Rd1 Re8 31.Bxd5 Rxe2 32.Nc1 Rxb2 33.Nd3 Rd2 34.Rxd2 Bxd2 35.Ne5
Kf8 36.Nxg6+ fxg6 37.Bxb7 Ke7 38.Kg2 Kf6 39.h3 Kg5 40.Bc6 h5 41.Bb7 Kf5
42.Bc8+ Ke5 43.Bd7 Kf6 44.Be8 Kg5 45.Bc6 Kh6 46.Bd7 g5 47.g4 Kg6 48.Be8+ Kf6
49.gxh5 {#d} 1/2-1/2

[Event "Czech League (2nd)"]
[Site "Czech Republic"]
[Round "0"]
[White "Freisler Pavel (CZE)"]
[Black "Zarsky Kamil (CZE)"]
[Result "1-0"]
[WhiteElo "2315"]
[BlackElo "2033"]

1.Nf3 Nf6 2.c4 d6 3.d4 Bg4 4.Qb3 Qc8 5.g3 c6 6.Bg2 e6 7.Nc3 Nbd7 8.e4 Bxf3
9.Bxf3 e5 10.d5 Nc5 11.Qc2 a5 12.Be3 Nfd7 13.O-O h5 14.h4 Be7 15.Kg2 Qd8
16.Qd2 g6 17.Rad1 a4 18.Qc2 Qa5 19.Bd2 Qc7 20.b4 axb3 21.axb3 Na6 22.Ra1 O-O
23.Bh6 Rfb8 24.Qe2 Qd8 25.Rfb1 Nb4 26.Be3 Qf8 27.Na2 Nxa2 28.Rxa2 Rxa2 29.Qxa2
Ra8 30.Qb2 Ra6 31.dxc6 bxc6 32.b4 Qa8 33.b5 Ra2 34.Qc3 Ra3 35.Qd2 c5 36.b6 Ra6
37.Bg5 Bf8 38.b7 Qa7 39.Qd5 Rb6 40.Rxb6 Qxb6 41.Bd1 Qc7 42.Ba4 Nb8 43.Be8 Bg7
44.Kh2 Na6 45.Qc6 Qa5 46.Qxa6 {#r} 1-0

[Event "It (cat.10)"]
[Site "Dhaka (Bangladesh)"]
[Round "8"]
[White "Ehlvest Jaan (USA)"]
[Black "Murshed Niaz (BAN)"]
[Result "1-0"]
[WhiteElo "2592"]
[BlackElo "2457"]

1.d4 Nf6 2.c4 d6 3.Nf3 Bg4 4.Nc3 g6 5.e4 Bxf3 6.Qxf3 Nc6 7.d5 Nd4 8.Qd1 c5
9.dxc6 Nxc6 10.g3 Bg7 11.Bg2 O-O 12.O-O Rc8 13.Rb1 a6 14.b3 Nd7 15.Bd2 Nc5
16.Nd5 e6 17.Ne3 a5 18.Nc2 Ra8 19.Qe2 Nd4 20.Nxd4 Bxd4 21.Kh1 e5 22.Rbd1 Re8
23.Be1 Qf6 24.f4 exf4 25.gxf4 Qg7 26.Qd2 Bf6 27.Qd5 b6 28.Bg3 Rad8 29.Qc6 h5
30.e5 dxe5 31.fxe5 Bxe5 32.Bd5 Bxg3 33.Rxf7 Re6 34.Bxe6 {#r} 1-0

[Event "Bayern Oberliga"]
[Site "Germany"]
[Round "5"]
[White "De Francesco Klaus (GER)"]
[Black "Tiller Jaroslav (GER)"]
[Result "1-0"]
[WhiteElo "2294"]
[BlackElo "2134"]

1.d4 Nf6 2.Nf3 d6 3.c4 Bg4 4.Nbd2 Nbd7 5.h3 Bxf3 6.Nxf3 e5 7.e3 c6 8.Be2 e4
9.Nd2 d5 10.Qc2 Bd6 11.c5 Bc7 12.b4 a6 13.a4 O-O 14.Nb3 Ne8 15.b5 axb5 16.axb5
Rxa1 17.Nxa1 f5 18.b6 Bb8 19.Nb3 Rf7 20.Na5 Nf8 21.g3 Ne6 22.h4 Nf6 23.Qd1 Qe7
24.Bd2 g6 25.Nb3 h6 26.Qa1 Rf8 27.Qa4 Qd7 28.Na5 Kg7 29.Qd1 Rh8 30.Bf1 Rf8
31.Bh3 Qf7 32.Qe2 Ng8 33.Rg1 Re8 34.g4 f4 35.g5 f3 36.Qf1 hxg5 37.hxg5 Kf8
38.Bxe6 Rxe6 39.Qh3 Re8 40.Qh8 {#r} 1-0

[Event "Bundesliga (2nd) South 1999/00"]
[Site "Germany"]
[Round "0"]
[White "Schuh Hubert (GER)"]
[Black "Staiger Frank (GER)"]
[Result "1/2-1/2"]
[WhiteElo "2312"]
[BlackElo "2346"]

1.d4 Nf6 2.Nf3 d6 3.c4 Bg4 4.Nc3 Bxf3 5.exf3 g6 6.d5 Bg7 7.Bd3 O-O 8.f4 Qc8
9.O-O a5 10.h3 Na6 11.Re1 e6 12.a3 Nc5 13.Bc2 Nfd7 14.Bd2 Nb6 15.b3 Re8
16.dxe6 Nxe6 17.f5 Nd4 18.Rxe8+ Qxe8 19.fxg6 hxg6 20.Rb1 Nxc2 21.Qxc2 Qc6
22.Be3 Bxc3 23.Bxb6 Qxb6 24.Qxc3 Re8 25.b4 axb4 26.axb4 Qc6 27.c5 Qe4 28.Rd1
d5 29.c6 b6 30.b5 Qc4 31.Qg3 Rc8 32.Qf3 Rd8 33.Qf6 Rd6 34.Qe7 Qxb5 35.Qxc7
Qxc6 36.Qxc6 Rxc6 37.Rxd5 Rc1+ 38.Kh2 Kf8 39.Rd7 Rc3 40.Rb7 Rb3 41.f3 Kg7
42.Kg3 Rb4 43.f4 Kf6 44.Kg4 g5 45.g3 Kg6 46.Kf3 Rb3+ 47.Ke4 Rxg3 48.Rxb6+ Kg7
49.fxg5 Rxg5 {#d} 1/2-1/2

[Event "Oberliga North 1998/99"]
[Site "Germany"]
[Round "0"]
[White "Engel Gunnar (GER)"]
[Black "Hermann Matthias (GER)"]
[Result "1/2-1/2"]
[WhiteElo "2020"]
[BlackElo "2199"]

1.d4 Nf6 2.Nf3 d6 3.c4 Bg4 4.Nc3 Nbd7 5.e4 e5 6.Be2 Bxf3 7.Bxf3 exd4 8.Qxd4
Be7 9.O-O O-O 10.b3 Nc5 11.Bb2 Ne6 12.Qd2 Nd7 13.Nd5 Bg5 14.Qc3 c6 15.Ne3 Ne5
16.Ng4 Ng6 17.Rad1 Qc7 18.g3 h5 19.Ne3 h4 20.Ng4 Rad8 21.Bg2 hxg3 22.hxg3 Qb6
23.Kh1 Ne5 24.c5 Qxc5 25.Qxc5 Nxc5 26.Nxe5 dxe5 27.Rxd8 Rxd8 28.Bxe5 Rd2 29.f4
Bd8 30.Ra1 Bb6 31.Bc3 Re2 32.e5 Ne6 33.Kh2 Rc2 34.Be1 Bd4 35.Rd1 Rxa2 36.f5
Ng5 37.Bd2 Nh7 38.Bf4 c5 39.b4 b6 40.Kh3 Kf8 41.bxc5 bxc5 42.Rb1 Rb2 43.Rxb2
Bxb2 44.Bd5 Ke7 45.Kg4 Nf8 46.Kf3 Nd7 47.Ke4 a5 48.g4 a4 49.g5 f6 50.exf6+
Bxf6 {#d} 1/2-1/2